Hỏi đáp về nhà ở - đất đai, thuế nhà đất : Văn bản hiện hành mới nhất /

Kaydedildi:
Detaylı Bibliyografya
Yazar: Hoàng Trung Tiếu
Materyal Türü: Sách giấy
Dil:Vietnamese
Baskı/Yayın Bilgisi: TP.HCM : Trẻ , 1995
Etiketler: Etiketle
Etiket eklenmemiş, İlk siz ekleyin!
Thư viện lưu trữ: Thư viện Trường Đại học Đà Lạt
LEADER 00630nam a2200241 4500
001 DLU020010906
005 ##12/6/1999
041 # # |a vie 
082 # # |a 343.053  |b HO-T 
090 # # |a 343.053  |b HO-T 
100 # # |a Hoàng Trung Tiếu 
245 # # |a Hỏi đáp về nhà ở - đất đai, thuế nhà đất :  |b Văn bản hiện hành mới nhất /  |c Hoàng Trung Tiếu 
260 # # |a TP.HCM :  |b Trẻ ,  |c 1995 
300 # # |a 304 tr.;   |c 21 cm. 
992 # # |a 18000 
994 # # |a DLU 
900 # # |a False 
911 # # |a Administrator 
925 # # |a G 
926 # # |a A 
927 # # |a SH 
980 # # |a Thư viện Trường Đại học Đà Lạt